[Event "Liga Madrileña - DH 2014-2015"]
[Site "Madrid ESP"]
[Date "2015.03.15"]
[Round "14.36"]
[White "De la Puerta Cresis, Javier"]
[Black "Pablos Tenrero, Raquel"]
[Result "0-1"]
[WhiteElo "2097"]
[BlackElo "1977"]
[PlyCount "114"]
[EventDate "2014.11.23"]
[EventType "team-tourn"]
[EventRounds "14"]
[EventCountry "ESP"]
[Source "lmi"]
[SourceDate "2014.11.23"]
[WhiteTeam "Pueblo Nuevo"]
[BlackTeam "Liberty Chess"]
[WhiteTeamCountry "ESP"]
[BlackTeamCountry "ESP"]

1. e4 c6 2. d4 d5 3. e5 Bf5 4. Nf3 e6 5. Be2 Nd7 6. O-O Qc7 7. c4 Ne7 8. Nc3
dxc4 9. Bxc4 Nb6 10. Be2 Ned5 11. Ne1 Bg6 12. g4 O-O-O 13. a4 a5 14. f4 f5 15.
Nc2 fxg4 16. Bxg4 Qf7 17. Ne3 Nxe3 18. Bxe3 h5 19. Bf3 Bf5 20. Rc1 Kb8 21. Qb3
Bb4 22. Kh1 Bd3 23. Rg1 Bc4 24. Qc2 Nd5 25. Nxd5 Bxd5 26. Bxd5 Rxd5 27. Qg6 Rd7
28. Qxf7 Rxf7 29. Rg6 Re8 30. Rcg1 Ree7 31. R6g5 b6 32. Rxh5 Kb7 33. Kg2 c5 34.
dxc5 Bxc5 35. Bxc5 bxc5 36. Kf3 Kc6 37. Rhg5 Rb7 38. Rg6 Rb3+ 39. Kg4 Kd5 40.
Rd1+ Ke4 41. Re1+ Kd5 42. Re2 Rb4 43. Rd2+ Rd4 44. Rxd4+ cxd4 45. Kf3 Rb7 46.
Rg2 Rb3+ 47. Kg4 Ke4 48. Re2+ Re3 49. Rd2 d3 50. b4 axb4 51. Rb2 Re2 52. Rxb4+
Ke3 53. Rb3 Rg2+ 54. Kh3 Ra2 55. f5 exf5 56. e6 Rxa4 57. e7 Re4 0-1

[Event "Liga Madrileña - DH 2014-2015"]
[Site "Madrid ESP"]
[Date "2015.03.15"]
[Round "14.41"]
[White "Candela Perez, Jose"]
[Black "Espinosa Aranda, Angel"]
[Result "1/2-1/2"]
[WhiteElo "2430"]
[BlackElo "2399"]
[PlyCount "69"]
[EventDate "2014.11.23"]
[EventType "team-tourn"]
[EventRounds "14"]
[EventCountry "ESP"]
[Source "lmi"]
[SourceDate "2014.11.23"]
[WhiteTeam "La Casa del Ajedrez"]
[BlackTeam "64 Villalba"]
[WhiteTeamCountry "ESP"]
[BlackTeamCountry "ESP"]

1. d4 Nf6 2. c4 g6 3. Nc3 Bg7 4. e4 d6 5. Nf3 O-O 6. Be3 e5 7. Be2 exd4 8. Nxd4
Re8 9. f3 c6 10. Qd2 d5 11. exd5 cxd5 12. c5 Nc6 13. Bf2 Bf8 14. O-O-O Be6 15.
Bb5 Rc8 16. Rhe1 Qa5 17. Kb1 Kh8 18. Ka1 Bg7 19. Nce2 Qxd2 20. Rxd2 Bd7 21. Nb3
Kg8 22. a3 Na5 23. Nxa5 Bxb5 24. Nd4 Rxe1+ 25. Bxe1 Bc6 26. Bg3 Nd7 27. Bd6 Nf8
28. Bxf8 Kxf8 29. Ndxc6 bxc6 30. Ka2 Ke7 31. b4 Kd7 32. Re2 Rb8 33. Kb3 Bf6 34.
Ka4 Kc7 35. Kb3 1/2-1/2

[Event "Liga Madrileña - DH 2014-2015"]
[Site "Madrid ESP"]
[Date "2015.03.15"]
[Round "14.42"]
[White "Longa Yauca, Javier"]
[Black "Bass, Leonid"]
[Result "1-0"]
[WhiteElo "2284"]
[BlackElo "2391"]
[PlyCount "87"]
[EventDate "2014.11.23"]
[EventType "team-tourn"]
[EventRounds "14"]
[EventCountry "ESP"]
[Source "lmi"]
[SourceDate "2014.11.23"]
[WhiteTeam "64 Villalba"]
[BlackTeam "La Casa del Ajedrez"]
[WhiteTeamCountry "ESP"]
[BlackTeamCountry "ESP"]

1. d4 Nf6 2. Nf3 e6 3. c4 Bb4+ 4. Bd2 Qe7 5. Qc2 Bxd2+ 6. Nbxd2 d6 7. e4 e5 8.
O-O-O O-O 9. Be2 Nc6 10. d5 Nb4 11. Qb3 a5 12. h3 Nd7 13. a3 Nc5 14. Qe3 Nba6
15. g4 c6 16. Kb1 Bd7 17. Rc1 a4 18. Ka1 cxd5 19. exd5 Rab8 20. Rc3 b5 21. cxb5
Bxb5 22. Bxb5 Rxb5 23. Nd4 Rb7 24. Nc6 Qf6 25. Ka2 Re8 26. Rd1 h6 27. b3 Qg6
28. Nc4 e4 29. f4 Qf6 30. h4 Rd7 31. g5 Qg6 32. Nd4 hxg5 33. hxg5 f6 34. gxf6
Qxf6 35. Rg1 Nc7 36. Rg5 Rf8 37. Ne2 Qf7 38. Nb6 Re7 39. Qh3 Nd3 40. Rh5 Qf6
41. Rh8+ Kf7 42. Rxf8+ Kxf8 43. Nd7+ Rxd7 44. Qxd7 1-0

[Event "Liga Madrileña - DH 2014-2015"]
[Site "Madrid ESP"]
[Date "2015.03.15"]
[Round "14.43"]
[White "Elguezabal Varela, Daniel"]
[Black "Rioboo de la Riva, Alvaro"]
[Result "1-0"]
[WhiteElo "2356"]
[BlackElo "2270"]
[PlyCount "89"]
[EventDate "2014.11.23"]
[EventType "team-tourn"]
[EventRounds "14"]
[EventCountry "ESP"]
[Source "lmi"]
[SourceDate "2014.11.23"]
[WhiteTeam "La Casa del Ajedrez"]
[BlackTeam "64 Villalba"]
[WhiteTeamCountry "ESP"]
[BlackTeamCountry "ESP"]

1. d4 Nf6 2. Nf3 g6 3. Bg5 Bg7 4. Nbd2 d5 5. e3 O-O 6. Bd3 b6 7. c3 c5 8. O-O
Nc6 9. Re1 h6 10. Bh4 Bb7 11. Bg3 Nh5 12. Be5 c4 13. Bxg7 Nxg7 14. Bc2 f5 15.
Ba4 Nb8 16. Ne5 Rf6 17. b3 a6 18. bxc4 dxc4 19. Bc2 b5 20. a4 Nd7 21. Nxd7 Qxd7
22. axb5 axb5 23. Rxa8+ Bxa8 24. e4 Ra6 25. Nf3 Qb7 26. Qd2 Kh7 27. Qf4 g5 28.
Qd2 f4 29. h4 Kg8 30. hxg5 hxg5 31. Nxg5 Qc7 32. e5 Nh5 33. Qe2 f3 34. Nxf3 Rh6
35. Qe3 Rh8 36. Qg5+ Ng7 37. Be4 Bxe4 38. Rxe4 b4 39. Rg4 Rh7 40. Qg6 Qc8 41.
Ng5 Qf5 42. Nxh7 Qxg6 43. Rxg6 bxc3 44. Rc6 Kxh7 45. Rxc4 1-0